000 00783nam a2200289Ia 4500
005 20260324114717.0
008 008 260324s9999 xx 000 0 eng d
020 _a9781003153405
037 _aEBOOK
040 _aCRL
040 _beng
040 _cCRL
041 _2eng
041 _aeng
084 _qCRL
100 _aNeeraj Mohan; Ruchi Singla; Priyanka Kaushal; Seifedine Kadry
_91151857
245 0 _aArtificial Intelligence, Machine Learning, and Data Science Technologies
245 0 _bFuture Impact and Well-Being for Society 5.0
260 _bTaylor and Francis
260 _c2021
365 _a
365 _b305
856 _uhttp://www.taylorfrancis.com/books/9781003153405
942 _cEBOOK
999 _c1742195
_d1742195